000 00652nas a2200229 4500
001 BR9603324
003 BR-BrBNA
005 20231205095251.0
007 ta
008 230509b bl.|||p| |||| 00| 00por d
040 _aBR-BrBNA
_bpor
_cBiblioteca Nacional de Agricultura
041 _a(Pt)
072 _aF01
100 1 _aAragao, G.M.
245 1 _aJojoba, uma fantastica riqueza para o Nordeste
650 _aJojoba
650 _aProducao
650 _aRegiao Nordeste
773 0 _tAgropecuaria Tropical (Brazil)
_xISSN 0101-1758
_g(Sep 1981), no. 24 p. 30-37
_wBR9603324
909 _a202311
_bLúcia
_c55
_dLúcia Elande
942 _2AGRIS
_n0
_cANA
999 _c149710
_d149710